Statistics for NBA Rookies of the month since the 2009/10 season

Click here to take the quiz!

General Stats

  • This quiz has been taken 45 times
    (24 since last reset)
  • The average score is 23 of 51

Answer Stats

Hint Answer Team % Correct
2011/12Kyrie IrvingCavaliers
94%
2016/17Joel Embiid76ers
94%
Donovan MitchellJazz
88%
Blake GriffinClippers
88%
Damian LillardTrail Blazers
88%
Karl-Anthony TownsTimberwolves
88%
Andrew WigginsTimberwolves
88%
2017/18Ben Simmons76ers
88%
John WallWizards
88%
Stephen CurryWarriors
88%
Jayson TatumCeltics
82%
2015/16Kristaps PorzingisKnicks
82%
Kyle KuzmaLakers
82%
Jamal MurrayNuggets
71%
Bradley BealWizards
71%
Ivan JohnsonHawks
65%
Tyreke EvansKings
65%
Myles TurnerPacers
65%
2013/14Michael Carter-Williams76ers
59%
Victor OladipoMagic
59%
Isaiah ThomasKings
53%
Terrence WilliamsNets
53%
Dario Saric76ers
47%
Buddy HieldKings
41%
Marcus SmartCeltics
41%
Elfrid PaytonMagic
35%
2009/10Brandon JenningsBucks
35%
Jonas ValanciunasRaptors
35%
Ricky RubioTimberwolves
35%
2012/13Michael Kidd-GilchristHornets
35%
Dion WaitersCavaliers
35%
2014/15Jabari ParkerBucks
35%
Josh RichardsonHeat
29%
Nikola MiroticBulls
24%
Trey BurkeJazz
24%
Jordan ClarksonLakers
18%
Ben McLemoreKings
18%
Bojan BogdanovicNets
18%
Norman PowellRaptors
18%
Chris CopelandKnicks
12%
Rodney HoodJazz
12%
Marquese ChrissSuns
12%
Yogi FerrellMavericks
12%
Jonas JerebkoPistons
12%
2010/11Landry FieldsKnicks
12%
Nick CalathesGrizzlies
6%
Willy HernangomezKnicks
6%
Kenneth FariedNuggets
6%
Tyler UlisSuns
6%
Darren CollisonHornets
6%
Gorgui DiengTimberwolves
6%

Score Distribution

Percentile by Number Answered

Percent of People with Each Score

Your Score History

You have not taken this quiz since the last reset